Catálogo
 En Linea

Amanuense desde la cotidianidad / (Registro nro. 49984)

Detalles MARC
000 -CABECERA
campo de control de longitud fija 01227nam a22002537a 4500
003 - IDENTIFICADOR DEL NÚMERO DE CONTROL
campo de control DO-SdBNP
005 - FECHA Y HORA DE LA ÚLTIMA TRANSACCIÓN
campo de control 20211014110720.0
007 - CAMPO FIJO DE DESCRIPCIÓN FÍSICA--INFORMACIÓN GENERAL
campo de control de longitud fija ta
008 - DATOS DE LONGITUD FIJA--INFORMACIÓN GENERAL
campo de control de longitud fija 210622b 2015 dr 00| 0 eng d
020 ## - NÚMERO INTERNACIONAL ESTÁNDAR DEL LIBRO
Número Internacional Estándar del Libro 9789945498561
040 ## - FUENTE DE LA CATALOGACIÓN
Centro catalogador/agencia de origen DO-SdBNP
Lengua de catalogación spa
Centro/agencia transcriptor BNPHU
100 1# - ENTRADA PRINCIPAL--NOMBRE DE PERSONA
Nombre de persona Emeterio Rondón, Nieves Lidia (Melania)
9 (RLIN) 78966
245 10 - MENCIÓN DE TÍTULO
Título Amanuense desde la cotidianidad /
Mención de responsabilidad, etc. Nieves Lidia Emeterio Rondón (Melania).
260 ## - PUBLICACIÓN, DISTRIBUCIÓN, ETC.
Lugar de publicación, distribución, etc. Santo Domingo :
Nombre del editor, distribuidor, etc. Universitaria UASD,
Fecha de publicación, distribución, etc. 2015.
300 ## - DESCRIPCIÓN FÍSICA
Extensión 440 p. ;
Dimensiones 21 cm.
490 1# - MENCIÓN DE SERIE
Mención de serie Estudios y Sociedad ;
Designación de volumen o secuencia 1505
500 ## - NOTA GENERAL
Nota general Incluye datos biográficos de la autora en la contracubierta.<br/>
505 0# - NOTA DE CONTENIDO CON FORMATO
Nota de contenido con formato Presentación -- De la justicia dominicana -- Género y familia -- Sobre el magisterio nacional -- Pobreza y dignidad humana -- Expresiones culturales dominicanas -- Violencia y delincuencia -- Responsabilidades pendientes de asumir -- Literatura y realidad -- Educación en valores -- Sensibilidad al desnudo -- De cómo gravita la excesiva migración haitiana en República Dominicana -- Otros.
590 ## - NOTA LOCAL (RLIN)
Nota local Inventariado, 2021 /LP<br/>
590 ## - NOTA LOCAL (RLIN)
Nota local La biblioteca posee 1 ejemplar autografiado por la autora
830 #0 - PUNTO DE ACCESO ADICIONAL DE SERIE-TÍTULO UNIFORME
Título uniforme Estudios y Sociedad
Número de parte o sección de la obra 1505
9 (RLIN) 78967
910 ## - DATOS DE OPCIÓN DEL USUARIO (OCLC)
Datos de opción del usuario LP
942 ## - ELEMENTOS DE PUNTO DE ACCESO ADICIONAL (KOHA)
Fuente del sistema de clasificación o colocación Dewey Decimal Classification
Tipo de ítem Koha Libro
Existencias
Estado de retiro Estado de pérdida Fuente del sistema de clasificación o colocación No para préstamo Código de colección Localización permanente Ubicación/localización actual Ubicación en estantería Fecha de adquisición Fuente de adquisición Total de préstamos Signatura topográfica completa Código de barras Fecha visto por última vez Precio válido a partir de Tipo de ítem Koha Número de copia
    Dewey Decimal Classification Excluido de préstamo Monografías: Libros y Folletos Biblioteca Nacional Pedro Henríquez Ureña Patrimonio Dominicano Depósito 22.06.2021 Depósito Legal   BNPHU PD 2021-2208 22.06.2021 22.06.2021 Libro  
    Dewey Decimal Classification Préstamo restrigido Monografías: Libros y Folletos Biblioteca Nacional Pedro Henríquez Ureña Patrimonio Dominicano Depósito 22.06.2021 Depósito Legal   BNPHU PD 2021-2209 22.06.2021 22.06.2021 Libro e.2

Con tecnología Koha